01282cam a2200277 a 45000010009000000050017000090080041000260100017000670200018000840350024001020400028001260500023001540820018001771000024001952450097002192600031003163000033003475040064003805200297004446500028007416500036007699060045008059420012008509990017008629520125008791565663720170105102858.0090312s2009 nyua b 001 0 eng  a 2009009389 a9780670021109 a(OCoLC)ocn315238375 aDLCcDLCdYDXdVP@dDLC00aBF456.R2bD36 200900a418/.40192221 aDehaene, Stanislas.10aReading in the brain :bthe science and evolution of a human invention /cStanislas Dehaene. aNew York :bViking,c2009. axi, 388 p. :bill. ;c24 cm. aIncludes bibliographical references (p. 331-375) and index. aIn this riveting investigation, Stanislas Dehaene provides an accessible account of the brain circuitry of reading and explores what he calls the "reading paradox": Our cortex is the product of millions of years of evolution in a world without writing, so how did it adapt to recognize words? 0aReading, Psychology of. 0aReadingxPhysiological aspects. a7bcbccorignewd1eecipf20gy-gencatlg 2ddccBK c14559d14559 001040708NFICaCIPSbCIPScGENd2013-09-10l1o418.4019 DEH 2009pCIPS0000966r2018-09-19s2018-08-29w2013-09-12yBK